000 00626nmm a2200169Ia 4500
008 251105s9999||||xx |||||||||||||||||und||
041 _aspa
100 _aSalido Porrero, David
245 0 _aEnseñanzas iniciales: Nivel I. Ámbito de Comunicación y Competencia Matemática. Lengua castellana 3. Manuela y sus películas
264 _a[Madrid, España] :
_bMinisterio de Educación, Cultura y Deporte de España,
_c2015
300 _a83 páginas
650 _aEducation
700 _aSalido Porrero, David
700 1 _a Gómez Abalo, Ángeles
856 _uhttps://public.digitaliapublishing.com/a/60317
942 _cCF
999 _c70967
_d70967